Statistics for EuroBasket 2022 Teams

Click here to take the quiz!

General Stats

  • This quiz has been taken 29 times
  • The average score is 22 of 24

Answer Stats

HintAnswer% Correct
Group BFrance
100%
Group BGermany
100%
Group CGreat Britain
100%
Group CItaly
100%
Group BLithuania
100%
Group DPoland
100%
Group DSerbia
100%
Group BSlovenia
100%
Group ASpain
100%
Group CUkraine
100%
Group ABelgium
96%
Group CCroatia
96%
Group DCzech Republic
96%
Group DFinland
96%
Group CGreece
96%
Group BBosnia and Herzegovina
92%
Group AGeorgia
92%
Group AMontenegro
92%
Group CEstonia
88%
Group ATurkey
85%
Group ABulgaria
81%
Group DIsrael
81%
Group DNetherlands
81%
Group BHungary
73%

Score Distribution

Percentile by Number Answered

Percent of People with Each Score

Your Score History

You have not taken this quiz